00386nam a2200145Ia 450000500170000000800410001703700130005804000200007104100130009108400090010410000120011324500590012526000470018430000090023120250326142507.0250326s9999 xx 000 0 und d aTextbook aFMSLbengcFMSL aeng2eng qFMSL aShtub A 0aEnterprise resource planning : dynamics of ORcShtub A aLondonbLondon, KluwrAcad Publishersc1999 a147p